Statistics for NFL Jersey JD

Click here to take the quiz!

General Stats

  • This quiz has been taken 303 times
  • The average score is 28 of 30

Answer Stats

HintAnswer% Correct
C.Newton1
100%
T.Taylor5
99%
OBJ13
98%
K.Wright13
98%
C.Cousins8
98%
J.J Watt99
98%
E.Manning10
97%
K.Mack52
96%
J.Norman24
95%
D.Revis24
95%
L.Bell26
95%
B.Marshall15
94%
J.Montana16
94%
A.Jeffery17
94%
E.Smith22
94%
A.Brown84
94%
D.Parker11
93%
D.Sanders21
93%
W.Payton34
92%
J.Witten82
92%
J.Stewart28
91%
D.Thomas88
91%
D. Murray29
90%
J.Nelson87
90%
F.Cox91
90%
A.Robinson18
89%
J.Mathews81
88%
D. Johnson31
86%
V.Davis23
84%
K.Dansby56
76%

Score Distribution

Percentile by Number Answered

Percent of People with Each Score

Your Score History

You have not taken this quiz